Statistieken voor Willekeurige Afrikaanse Vlag naar Land

Klik hier om de quiz te nemen!

Algemene statistieken

  • Deze quiz is 1.756 keer genomen
  • De gemiddelde score is 8 van 10

Antwoordstatistieken

Antwoord% Correct
Algerije
100%
Kenia
100%
Angola
96%
Ivoorkust
95%
Kameroen
93%
Madagaskar
91%
Nigeria
91%
Ghana
90%
Marokko
90%
Zuid-Afrika
90%
Ethiopië
89%
Tunesië
89%
Burkina Faso
87%
Zambia
86%
Democratische Republiek Congo
85%
Egypte
85%
Eswatini
84%
Liberia
84%
Oeganda
84%
Niger
83%
Senegal
83%
Seychellen
83%
Tsjaad
83%
Somalië
81%
Eritrea
80%
Burundi
79%
Togo
78%
Lesotho
76%
Libië
76%
Kaapverdië
75%
Tanzania
75%
Comoren
74%
Djibouti
74%
Mozambique
74%
Zimbabwe
74%
Mauritanië
72%
Botswana
71%
Sierra Leone
71%
Centraal-Afrikaanse Republiek
69%
Guinee
69%
Soedan
68%
Zuid-Soedan
68%
Benin
66%
Malawi
66%
Equatoriaal-Guinea
63%
Gabon
63%
Mali
62%
Namibië
62%
Gambia
61%
Rwanda
61%
Sao Tomé en Principe
61%
Mauritius
60%
Guinee-Bissau
43%
Republiek Congo
43%

Scoreverdeling

Percentiel versus Aantal Correcte Antwoorden

Procent van Mensen met Elke Score

Uw Scoregeschiedenis

U heeft deze quiz nog niet genomen